| 000 | 00950cam a2200253 4500 | ||
|---|---|---|---|
| 001 | ##L134279 | ||
| 008 | 060721n2006 000 0 eng u | ||
| 020 | _a1853289949 | ||
| 035 | _a(Sirsi) u134279 | ||
| 041 | 0 | _aeng | |
| 050 | 0 | 4 | _a336.271 $2 18 |
| 100 | 1 | _aJordan, David | |
| 245 | 0 | 0 | _aUnderstanding VAT on property |
| 250 | _a2nd ed. | ||
| 260 |
_aLondon _bLaw Society _c2006 |
||
| 300 |
_axxvi, 302p. _c24cm. |
||
| 350 | _a44.95 | ||
| 520 | _aOffers guidance on the legislation related to VAT and its application to property transactions and development. Includes a table of cases, a table of statutes and a table of statutory instruments and European legislation. Also includes new chapters on charity buildings and listed and other protected buildings. | ||
| 520 | _aSupersedes previous edition (ISBN 1853288608) | ||
| 590 | _aIKA050906 | ||
| 651 | 4 |
_aUnited Kingdom _y |
|
| 690 | _aPROPERTY-PROPERTY TAXATION | ||
| 942 | _n0 | ||
| 999 |
_c105631 _d105631 |
||